000 00933nam a2200265Ia 4500
003 OSt
005 20220923213326.0
006 a|||||r|||| 00| 0
007 ta
008 220922b |||||||| |||| 00| 0 hin d
020 _c40
024 _a160,862
037 _cTextual
040 _aARTS
_cARTS
_bhin
041 _2hin
_ahin
082 _aO152,2:g(Y), L6
100 _aणडणील, म0 के0
_9162025
245 0 _aहिन्दी एकांकियों में सामाजिक जीवन की अभिव्यक्ति
246 _aHindī ekāankiyoan mean sāmājik jīvan kī abhivyakti
260 _aकानपुर
_b पुस्तक संस्थान
_c1976
300 _a343 पृ.
_ccm.
650 _aहिन्दी साहित्य
_9156264
942 _hO152,2:g(Y), L6
_cTEXL
_2CC
999 _c315540
_d315540